• 首页
  • 本馆介绍
  • 公告通知
  • 最新文献
  • 馆藏检索
  • 电子资源
  • 读者导购
  • 参考咨询
  • 我的图书馆
  • 登录
  • 详细信息显示
  • 放入我的书架
  • 预约/预借图书
  • 作者相关作品
  • 分类相关作品
  • 丛书相关作品
  • 出版社相关作品

书目信息

  • 表格格式
  • 工作单格式
  • 卡片格式
题名:
企业国际税务策划
    
 
作者: 胡商 著
分册:  
出版信息: 北京   中国金融出版社  2017
页数: 301页
开本: 24cm
丛书名:
单 册:
中图分类: F275 , F810.42
科图分类:
主题词: 企业管理--国际税收--税收筹划
电子资源:
ISBN: 978-7-5049-8933-8
000 01283nam0 2200277 450
001 012001005225
005 20141008095851.0
010    @a978-7-5049-8933-8@dCNY98.00
100    @a20170619d2017 em y0chiy50 ea
101 0  @achi
102    @aCN@b110000
105    @ay z 000yy
106    @ar
200 1  @a企业国际税务策划@9qi ye guo ji shui wu ce hua@f胡商著
210    @a北京@c中国金融出版社@d2017
215    @a301页@d24cm
312    @a封面英文题名:International tax planning for enterprises
314    @a胡商,男,加拿大国际税务研究院国际税务战略家税务著作家,加拿大华人媒体商务及时事评论家,加拿大及安省注册会计师。税务著作包括《加拿大房地产税务》《加拿大税务居民与非居民》等。
330    @a本书从企业角度出发将国际税务定义为适用于纳税人跨国经济活动的不同国家的税务体系,并根据各国税制的共性和可比性,系统地论述国际税务的基本构成及规则,如各国的征税基础,公司税率,居民,长久基地,企业纳税人,资本增值的征税规则,股息及控股公司机制,避免双重征税的规则,源泉扣缴税,离岸税,国际税务协议网络,反避税规则等。
510 1  @aInternational tax planning for enterprises@zeng
606 0  @a企业管理@x国际税收@x税收筹划
690    @aF275@v5
690    @aF810.42@v5
701  0 @a胡商@9hu shang@4著
801  0 @aCN@b上海新华@c20180901
905    @b1173215-8@dF275@e1653@f4
    
    企业国际税务策划/胡商著.-北京:中国金融出版社,2017
    301页;24cm
    
    
    ISBN 978-7-5049-8933-8:CNY98.00
    本书从企业角度出发将国际税务定义为适用于纳税人跨国经济活动的不同国家的税务体系,并根据各国税制的共性和可比性,系统地论述国际税务的基本构成及规则,如各国的征税基础,公司税率,居民,长久基地,企业纳税人,资本增值的征税规则,股息及控股公司机制,避免双重征税的规则,源泉扣缴税,离岸税,国际税务协议网络,反避税规则等。
●
相关链接 在E读中查询图书 在五车中查询图书 在当当中查询图书 在豆瓣中查询图书


正题名:企业国际税务策划     索取号:F275/1653         预约/预借

序号 登录号 条形码 馆藏地/架位号 状态 备注
1 1173215   211732151   第一样本阅览室/ [索取号:F275/1653] 在馆    
2 1173216   211732160   第一借阅区/ [索取号:F275/1653] 在馆    
3 1173217   211732179   经管系资料室/ [索取号:F275/1653] 在馆    
4 1173218   211732188   第一借阅区/ [索取号:F275/1653] 在馆    
唐山师范学院图书馆 欢迎您!
大连网信软件有限公司© 版权所有